| 000 -ლიდერი |
| ფიქსირებული სიგრძის საკონტროლო ველი |
01989nam a2200265Ia 4500 |
| 003 - საკონტროლო ნომრის იდენტიფიკატორი |
| საკონტროლო ველი |
Ge_BSU |
| 005 - ბოლო ოპერაციის თარიღი და დრო |
| საკონტროლო ველი |
20190625202535.0 |
| 008 - ფიქსირებული სიგრძის მონაცემთა ელემენტები - ზოგადი ინფორმაცია |
| ფიქსირებული სიგრძის საკონტროლო ველი |
181216s2007||||ge |||||||||||||| ||geo|| |
| 041 ## - ენის კოდი |
| Language code of text/sound track or separate title |
geo |
| 080 ## - უნივერსალური ათობითი კლასიფიკაციის ინდექსი |
| Universal Decimal Classification number |
502.4(479.22)+796.5(479.22)(035)+39(=353.1) მ–59 |
| 100 ## - მთავარი ჩანაწერი - პიროვნების სახელი |
| Personal name |
მეტრეველი, მარინა |
| 9 (RLIN) |
828 |
| 245 ## - ცნობა სათაურის შესახებ |
| Title |
კახეთი = Кахетия = Kakheti : ვაშლოვანისა და ლაგოდეხის დაცული ტერიტორიები : |
| Remainder of title |
მიმდებარე ტერიტორიების ადგილობრივი მოსახლეობის წეს-ჩვეულებებისა და მათთან ურთიერთობის ცნობარი ტურისტებისათვის / |
| Statement of responsibility, etc |
მარინა მეტრეველი ; მთარგმნ.: ეკა კიკვაძე, თეა დოლიძე ; რედ.: ავთანდილ არაბული, მარინა მეტრეველი ; ფოტ. ავთანდილ მეტრეველი. |
| 250 ## - გამოცემის ცნობა |
| Edition statement |
პირველი გამოცემა |
| 264 ## - წარმოების, გამოცემის, დისტრიბუციის და სხვა ცნობები |
| გამოცემის, წარმოების, დისტრიბუციის... ადგილი |
თბილისი, |
| გამოცემის, წარმოების, დისტრიბუციის... თარიღი |
2007. |
| 300 ## - ფიზიკური აღწერა |
| Extent |
79 გვ. : |
| Other physical details |
ილ. ; |
| Dimensions |
22 სმ. |
| 653 ## - INDEX TERM--UNCONTROLLED |
| Uncontrolled term |
კახეთი |
| 653 ## - INDEX TERM--UNCONTROLLED |
| Uncontrolled term |
ნაკრძალები საქართველოში |
| 653 ## - INDEX TERM--UNCONTROLLED |
| Uncontrolled term |
ქართველების ეთნოგრაფია |
| 700 ## - ADDED ENTRY--PERSONAL NAME |
| Personal name |
კიკვაძე, ეკა |
| Relator term |
მთარგმნელი |
| 9 (RLIN) |
2921 |
| 700 ## - ADDED ENTRY--PERSONAL NAME |
| Personal name |
დოლიძე, თეა |
| Relator term |
მთარგმნელი |
| 9 (RLIN) |
2922 |
| 700 ## - ADDED ENTRY--PERSONAL NAME |
| Personal name |
არაბული, ავთანდილ |
| Relator term |
რედაქტორი |
| 9 (RLIN) |
316 |
| 700 ## - ADDED ENTRY--PERSONAL NAME |
| Personal name |
მეტრეველი, მარინა |
| Relator term |
რედაქტორი |
| 9 (RLIN) |
828 |
| 700 ## - ADDED ENTRY--PERSONAL NAME |
| Personal name |
მეტრეველი, ავთანდილ |
| Relator term |
მხატვარი |
| 9 (RLIN) |
2923 |
| 942 ## - ADDED ENTRY ELEMENTS (KOHA) |
| Koha item type |
წიგნი |
| Source of classification or shelving scheme |
|